000 01079pam a2200301 a 4500
001 597314
003 OSt
005 20230704132942.0
008 910326s1992 enk b 001 0 eng
010 _a 91013718
020 _a0415020158 (hard)
020 _a041503728X (pbk.)
040 _aDLC
_cDLC
_dDLC
043 _ae-uk---
050 0 0 _aJN231
_b.G74 1992
082 0 0 _a354.4107/25
_220
_bGRE
100 1 _aGreenaway, J. R.
245 1 0 _aDeciding factors in British politics :
_ba case-studies approach /
_cJohn Greenaway, Steve Smith, John Street.
260 _aLondon ;
_aNew York :
_bRoutledge,
_c1992.
300 _ax, 266 p. ;
_c23 cm.
504 _aIncludes bibliographical references (p. [241]-255) and index.
651 0 _aGreat Britain
_xPolitics and government
_y1945-
_xDecision making
_xCase studies.
700 1 _aSmith, Steve,
_d1952-
700 1 _aStreet, John,
_d1952-
906 _a7
_bcbc
_corignew
_d1
_eocip
_f19
_gy-gencatlg
942 _2ddc
_cBK
999 _c3821
_d3821